000 01525 a2200265 4500
001 32957
005 20260407155624.0
008 260407a2010 arg spa d
003 AR-UNSa-BCEJYS
040 _aAR-UNSa-BCEJYS
_bspa
_cAR-UNSa-BCEJYS
080 _a316.46
_xLiderazgo
245 1 0 _aLiderazgo
_pteoría, aplicación y desarrollo de habiliadades
020 _a978-607-481-381-4
250 _a4a. ed
264 1 _aMéxico :
_bCengage Learning Editores
_c2010
300 _axxvi, 525 p.
_c27 cm.
505 _aI: Los individuos como líderes : 1.¿ Quién es un lider? - 2. Rasgo del liderazgo y ética - 3. Comportamiento de liderazgo y motivación - 4. Influencia: poder, política, creación de redes y negociación - 5. Teorías de liderazgo por contingencias - II: Liderazgo de equipos : 6. Habilidades de comunicación, coaching y manejo de conflicto - 7. Relaciones entre líder y los seguidores - 8. Liderazgo de equipo y equipos autodirigidos - III: Liderazgo organizacional: 9. Liderazgo carismático y liderazgo transformacional - 10. Liderazgo de cultura, ética y diversidad -11. Liderazgo estratégico y administración del cambio - 12. Liderazgo de crisis y la organización que aprende -
041 _aspa
942 _cBK
590 _aniveau_biblio:m niveau_hierar:0
100 1 _aLussier, Robert N.
700 1 _aAchua, Chistopher F.
700 1 _aTreviño Rosales, Magda Elizabeth
856 4 1 _uhttps://biblioeco.unsa.edu.ar/pmb/images/libros/liderazgo.jpg
_yImagen de portada
_qimage/jpeg
999 _c2313
_d2313